| Поле | Инд. | ПП | Название | Значение |
|---|---|---|---|---|
| Тип записи | a | |||
| Библиографический уровень | b | |||
| 001 | Контрольный номер | RU/IS/BASE/109435842 | ||
| 005 | Дата корректировки | 20200630193219.2 | ||
| 084 | a | Индекс другой классификации/Индекс ББК | 65.050.14в | |
| 100 | 1_ | a | Автор | Девяткин С. В. |
| q | Полное имя | Девяткин Сергей Вячеславович | ||
| 245 | a | Заглавие | О подходе к управлению региональным устойчивым развитием | |
| 520 | a | Аннотация | Автор статьи полагает, что "многих проблем управления региональным развитием можно избежать, если принцип согласования интересов различного пространственного масштаба на различных временных интервалах будет принят за организационную основу управления"... | |
| 650 | a | Основная рубрика | управление экономикой | |
| a | Основная рубрика | экономика | ||
| 653 | a | Ключевые слова | воспроизводство окружающей среды | |
| a | Ключевые слова | Дубна | ||
| a | Ключевые слова | инновационное развитие | ||
| a | Ключевые слова | Университет "Дубна" | ||
| a | Ключевые слова | методология управления устойчивым развитием | ||
| a | Ключевые слова | Московская область | ||
| a | Ключевые слова | региональное развитие | ||
| a | Ключевые слова | региональные интересы | ||
| a | Ключевые слова | социально-экономическое развитие | ||
| a | Ключевые слова | управление региональным устойчивым развитием | ||
| a | Ключевые слова | управление устойчивым развитием | ||
| a | Ключевые слова | устойчивое развитие | ||
| a | Ключевые слова | устойчивое региональное развитие | ||
| 773 | t | Заглавие источника | Устойчивое развитие. Наука и практика | |
| d | Дата издания источника | 2003 | ||
| g | Прочая информация | № 1. - С. 59 - 64 | ||
| w | Контрольный № источника | RU/IS/BASE/109089749 | ||
| 901 | t | Тип документа | b |